Aj staré knihy sú dobré knihy

Bibliographic Details
Main Author: Čumová, Kveta, 1954- (Author)
Format: Article
Language:Slovak
Subjects:
Online Access:http://www.vkjb.sk/vkjb_zdroje/casopis_knihovnik/2007_01/11b.pdf

MARC

LEADER 00000nab a2200000 a 4500
001 vtls009150431
003 SK-MaSNL
005 20260305013726.0
008 071017 2007 xo 000 0 slo
038 |a KEVKJB 
040 |a KEVKJB  |b slo  |c KEVKJB  |e AACR2 
041 0 |a slo 
044 |a xo  |c SK 
080 |a 027.53  |2 2001 
080 |a 061.4  |2 2001 
100 1 |a Čumová, Kveta,  |d 1954-  |4 aut  |9 98299 
245 1 0 |a Aj staré knihy sú dobré knihy  |c Kveta Čumová 
610 2 7 |a Verejná knižnica Jána Bocatia v Košiciach  |2 kevkjb  |9 29554 
650 0 7 |a výstavy  |2 kevkjb  |9 2780 
651 7 |a Košice (Slovensko)  |2 kevkjb  |9 18694 
773 0 |t Knihovník  |g Roč. 29 , č. 1 (2007), s. 11 
852 |a KEVKJB  |b KIS3GCP 
856 4 1 |u http://www.vkjb.sk/vkjb_zdroje/casopis_knihovnik/2007_01/11b.pdf 
958 |a KL 
999 |c 3265629  |d 3267559